000 00268nam a2200121 a 4500
008 100917s1977|||| d
100 1 _aDangulov, Savva
245 1 0 _aDiplomati
260 _bObzor
_c1977
_aBratislava
020 _c22
044 _axo
_cSK
041 _aslo
999 _c10426
_d10426